000 00371cam a22001337a 4500
008 180718b1967 xxu||||| |||| 00| 0 eng d
082 _aB11 M919m
100 _aMumford, Lewis
245 _aMyth of the machine: technics and human development
_cby Lewis Mumford
260 _aLondon
_bSecker & Warburg
_c1967
300 _a342p.
500 _a50/-
650 _aCivilization
999 _c374449
_d374449